000 00854nam a2200253Ia 4500
003 OSt
005 20221005060720.0
006 a|||||r|||| 00| 0
007 ta
008 221004b |||||||| |||| 00| 0 eng d
020 _a9780415771269 (hbk)
_c7120.25
024 _a94784
037 _b5315, 25/03/2009, Efficient Book Distributors
_cTextual
040 _aCRL
_cCRL
_beng
041 _2eng
_aeng
082 _aW0bXg, P9(RR)
100 _aBlyth Mark Ed.
_9428434
245 0 _aRoutledge handbook of international political economy (IPE)
_b IPE as a global conversation
260 _aLondon
_bRoutledge Taylor & Franics Group UK
_c2009
300 _ax, 377p.
_ccm.
650 _aPOLITICAL SCIENCE
942 _hW0bXg, P9(RR)
_cTEXL
_2cc
999 _c967138
_d967138